Online katalóg knižníc regiónu Turca

...srdečne Ťa pozdravuje Monika (Record no. 22573)

MARC details
000 -LEADER
fixed length control field 00905nam a2200301 a 4500
001 - CONTROL NUMBER
control field 22573
003 - CONTROL NUMBER IDENTIFIER
control field SK-KTurca
005 - DATE AND TIME OF LATEST TRANSACTION
control field 20260401135649.0
008 - FIXED-LENGTH DATA ELEMENTS--GENERAL INFORMATION
fixed length control field 250414s1992 xo 0 slo
015 ## - NATIONAL BIBLIOGRAPHY NUMBER
National bibliography number SNBA1992/09
020 ## - INTERNATIONAL STANDARD BOOK NUMBER
International Standard Book Number 8071140473
035 ## - SYSTEM CONTROL NUMBER
System control number SNK000011907
040 ## - CATALOGING SOURCE
Original cataloging agency SNK
Language of cataloging slo
Transcribing agency SNK
Description conventions AACR2
041 0# - LANGUAGE CODE
Language code of text/sound track or separate title xo
044 ## - COUNTRY OF PUBLISHING/PRODUCING ENTITY CODE
MARC country code xo
ISO country code SK
080 ## - UNIVERSAL DECIMAL CLASSIFICATION NUMBER
Universal Decimal Classification number 830-3(087.5)
Edition identifier 1981
100 1# - MAIN ENTRY--PERSONAL NAME
Personal name Mondschein, Helga
Relationship aut
245 10 - TITLE STATEMENT
Title ...srdečne Ťa pozdravuje Monika
Statement of responsibility, etc. Helga Mondschein ; Helga Monschein, Tatjana Augstenová, Zuzana Bošácka
250 ## - EDITION STATEMENT
Edition statement 1. vyd.
260 ## - PUBLICATION, DISTRIBUTION, ETC.
Place of publication, distribution, etc. Bratislava
Name of publisher, distributor, etc. Lúč
Place of publication, distribution, etc. S.l.
Name of publisher, distributor, etc. , b.t. [vyd.]
Date of publication, distribution, etc. 1992
300 ## - PHYSICAL DESCRIPTION
Extent 151 s.
Dimensions 20 cm
700 1# - ADDED ENTRY--PERSONAL NAME
Personal name Monschein, Helga
Relationship aut
700 1# - ADDED ENTRY--PERSONAL NAME
Personal name Augstenová, Taťjana
Relationship trl
700 1# - ADDED ENTRY--PERSONAL NAME
Personal name Bošácka, Zuzana,
Dates associated with a name 1957-
Relationship bkd
942 ## - ADDED ENTRY ELEMENTS (KOHA)
Source of classification or shelving scheme Dewey Decimal Classification
Koha item type Krásna literatúra pre deti
Suppress in OPAC No
Holdings
Stav vyradenia Strata Poškodenie Spôsob nadobudnutia Domovská knižnica Aktuálna knižnica Dátum nadobudnutia Total checkouts Čiarový kód exemplára Date last seen Typ exemplára
      Dar Obecná knižnica Turčianska Štiavnička Obecná knižnica Turčianska Štiavnička 01.04.2026   4738000901 01.04.2026 Krásna literatúra pre deti
Projekt je podporený Slovenskou asociáciou knižníc
Prevádzkuje Turčianska knižnica Martin 2026